阪大合格者数10人以上の高校(2025年) - Statistics

General Stats
  • This quiz has been taken 13 times
  • The average score is 63 of 96
Answer Stats
人数 所在地 学校名 % Correct
79 大阪 茨木
100%
59 大阪 北野
100%
43 奈良 奈良
100%
36 滋賀 膳所
100%
30 兵庫 神戸
100%
26 兵庫 姫路西
100%
17 愛知 岡崎
100%
28 大阪 高槻
92%
22 京都 洛南
92%
20 香川 高松
92%
18 富山 富山中部
92%
18 奈良 西大和学園
92%
16 熊本 熊本
92%
10 富山 富山
92%
56 石川 金沢泉丘
83%
54 大阪 天王寺
83%
49 大阪 豊中
83%
43 大阪 三国丘
83%
38 兵庫 西宮市立西宮
83%
33 岡山 岡山朝日
83%
20 福井 藤島
83%
19 北海道 札幌南
83%
17 富山 高岡
83%
17 愛媛 松山東
83%
17 福岡 修猷館
83%
15 大阪 大阪星光学院
83%
15 大阪 大阪桐蔭
83%
15 兵庫
83%
15 愛媛 愛光
83%
12 北海道 札幌北
83%
12 広島 広島
83%
11 京都 堀川
83%
10 愛知 旭丘
83%
10 三重 四日市
83%
44 兵庫 長田
75%
42 大阪 大手前
75%
41 兵庫 須磨学園
75%
32 兵庫 加古川東
75%
25 京都 西京
75%
25 大阪 清風南海
75%
22 兵庫 六甲学院
75%
21 大分 大分上野丘
75%
18 兵庫 甲陽学院
75%
18 香川 丸亀
75%
18 福岡 福岡
75%
13 大阪 清風
75%
13 広島 基町
75%
12 大阪 開明
75%
10 岐阜 岐阜
75%
10 山口 山口
75%
32 大阪 高津
67%
22 大阪 大阪教育大学附属池田
67%
21 奈良 帝塚山
67%
19 大阪 四天王寺
67%
18 兵庫 兵庫
67%
17 滋賀 彦根東
67%
15 京都 嵯峨野
67%
14 大阪 生野
67%
14 高知 土佐
67%
12 大阪 岸和田
67%
12 広島 広島大学附属
67%
10 愛知 刈谷
67%
33 大阪 四條畷
58%
19 福岡 筑紫丘
58%
17 石川 小松
58%
17 広島 広島大学附属福山
58%
15 静岡 浜松北
58%
13 滋賀 守山
58%
12 愛知 時習館
58%
11 和歌山 智辯学園和歌山
58%
10 京都 洛北
58%
23 兵庫 宝塚北
50%
21 奈良 畝傍
50%
12 愛知 明和
50%
11 岡山 岡山大安寺
50%
11 熊本 済々黌
50%
12 福岡 明善
42%
11 愛知 名古屋
42%
10 愛知 向陽
42%
10 奈良 奈良学園
42%
22 大阪 春日丘
33%
16 兵庫 尼崎稲園
33%
14 大阪 関西大倉
33%
12 岡山 倉敷青陵
33%
11 京都 桃山
33%
11 大阪 明星
33%
15 兵庫 三田学園
25%
13 大阪 桃山学院
25%
10 広島 修道
25%
16 大阪 富田林
17%
16 兵庫 雲雀丘学園
17%
13 兵庫 神戸大学附属
17%
17 大阪 清教学園
8%
11 大阪 帝塚山学院泉ヶ丘
8%
10 兵庫 甲南女子
8%
10 奈良 奈良女子大学附属
8%
No matching quizzes found
Score Distribution
Percent of People with Each Score
Percentile by Number Answered
Your Score History
You have not taken this quiz